| 000 | 00419pab a2200157 454500 | ||
|---|---|---|---|
| 008 | 180718b1987 xxu||||| |||| 00| 0 eng d | ||
| 100 | _aHawthorne, Michael R. | ||
| 245 | _aThe individual political economy of Federal tax policy | ||
| 260 | _c1987 | ||
| 300 | _a757-74 | ||
| 362 | _aSep. | ||
| 650 | _aTaxation - U.S.A. | ||
| 700 | _aJohn E. Jackson | ||
| 773 | _aAmerican Political Science Review | ||
| 909 | _a19036 | ||
| 999 |
_c19036 _d19036 |
||